|
|
|
|
| LEADER |
00000nam0a2200000 4500 |
| 001 |
109227 |
| 005 |
20231031115940.0 |
| 010 |
|
|
|a 9785160026355
|
| 035 |
|
|
|a (RuTPU)RU\TPU\book\117906
|
| 090 |
|
|
|a 109227
|
| 100 |
|
|
|a 20070201d2007 m y0rusy50 ca
|
| 101 |
0 |
|
|a rus
|
| 102 |
|
|
|a RU
|
| 105 |
|
|
|a a j 001zy
|
| 200 |
1 |
|
|a Водоснабжение
|e учебник
|f М. А. Сомов, Л. А. Квитка
|
| 210 |
|
|
|a Москва
|c Инфра-М
|d 2007
|
| 215 |
|
|
|a 287 с.
|c ил.
|
| 225 |
1 |
|
|a Среднее профессиональное образование
|
| 320 |
|
|
|a Библиогр.: с. 282-283.
|
| 330 |
|
|
|a В учебнике приведены основные сведения о системах водоснабжения, условиях работы и конструкциях основных водопроводных сооружений, а также методы их расчета и проектирования. Рассмотрены характерные особенности систем муниципального и сельскохозяйственного водоснабжения. Для студентов строительных техникумов, колледжей, обучающихся по специальности 2912 «Водоснабжение и водоотведение».
|
| 610 |
1 |
|
|a водоснабжение
|
| 610 |
1 |
|
|a источники
|
| 610 |
1 |
|
|a водопроводные сети
|
| 610 |
1 |
|
|a водоводы
|
| 610 |
1 |
|
|a гидравлический расчет
|
| 610 |
1 |
|
|a устройство
|
| 610 |
1 |
|
|a оборудование
|
| 610 |
1 |
|
|a водозаборные сооружения
|
| 610 |
1 |
|
|a водоподготовка
|
| 610 |
1 |
|
|a учебники
|
| 675 |
|
|
|a 628.1(075.32)
|v 3
|
| 700 |
|
1 |
|a Сомов
|b М. А.
|g Михаил Александрович
|
| 701 |
|
1 |
|a Квитка
|b Л. А.
|g Лиана Андреевна
|
| 801 |
|
1 |
|a RU
|b 63413507
|c 20070201
|g PSBO
|
| 801 |
|
2 |
|a RU
|b 63413507
|c 20150714
|g PSBO
|
| 900 |
|
|
|a Водоснабжение и инженерные мелиорации
|
| 900 |
|
|
|a Водоснабжение и мелиорация
|
| 900 |
|
|
|a Инженерные системы водоснабжения и водоотведения
|
| 942 |
|
|
|c BK
|
| 953 |
|
|
|b 270112
|
| 959 |
|
|
|a 10/20070129
|d 2
|e 294,00
|f ЧЗТЛ:2
|